000 00411nam a2200145Ia 4500
008 100204s9999 xx 000 0 und d
082 _b12878
100 _aवैद्य सुरेश
245 _aसाहजिक
260 _b"अर्चना प्रकासन, पुणे"
_c1990
300 _a186
630 _aसाहजिक
730 _aसाहजिक
942 _cBOOK
999 _c457310
_d457307